Statistics for Twenty One Pilots Trench Lyrics

Click here to take the quiz!

General Stats

  • This quiz has been taken 43 times
  • The average score is 12 of 14

Answer Stats

QuestionAnswer% Correct
I don't mind at all, lean on my pride Lean on my pride, I'm a lionCut My Lip
95%
For you, I know I would get messed up, weigh 153Smithereens
95%
But this year, though I'm far from home In Trench I'm not aloneLeave the City
92%
Lights, they blink to me, transmitting things to me Ones and zeroes, ergo this symphonyMorph
92%
They're callin' for your head and they're callin' for your name I'll bomb down on 'em, I'm comin' throughMy Blood
92%
Then the day that it happened, I recorded this last bit I look forward to having a lunch with you againLegend
89%
It might take some friends and a warmer shirt But you don't get thick skin without getting burntThe Hype
86%
Spirits in my room, friend or foe? Felt it in my youth, feel it when I'm oldJumpsuit
84%
My opinion will not be lenient My opinion, it's real convenientNeon Gravestones
84%
Start a mob and you can be quite certain We'll win but not everyone will get outNico And The Niners
84%
In City, I feel my spirit is contained Like neon inside the glass, they form my brainBandito
78%
In that slot, I won't need to replace This culture is a poacher of overexposure, not todayLevitate
78%
Fall out of formation, woah I plan my escape from walls they confinedChlorine
73%
I'ma get mine and get going I'm showing my faces in just enough placesPet Cheetah
73%

Score Distribution

Percentile by Number Answered

Percent of People with Each Score

Your Score History

You have not taken this quiz